000 00635nam a2200229 a 4500
003 AR-BaBNM
005 20251128203342.0
008 082120s2002 ||||||||||||||000 | spa||
020 _a84-281-05556-1
040 _cAR-BaBNM
100 1 _aMialaret, Gastón
245 0 0 _aDiccionario de ciencias de la educación con vocabularios español-francés y francés-español
260 _aBarcelona
_bOikos-tau
_c1984
300 _a538 p.
490 0 _aCiencias de la educación
650 4 _aEDUCACION
650 4 _aDICCIONARIOS
655 _aREFERENCIA
700 1 _aBordas, María D.
_etraductor
942 _cBK
998 _cCarmen
999 _c3010
_d3010